Kraje świata mniejsze od Krakowa - Statystyki

Ogólne statystyki
  • Ten quiz został rozwiązany 58 razy
  • Średni wynik to 6 z 10
Statystyki odpowiedzi
Powierzchnia km2 Kraj % Poprawnych
0,44 Watykan
100%
2 Monako
94%
61 San Marino
92%
160 Liechtenstein
84%
316 Malta
64%
21 Nauru
60%
26 Tuvalu
52%
261 Saint Kitts i Nevis
40%
181 Wyspy Marshalla
30%
298 Malediwy
28%
Nie znaleziono quizów pasujących do podanych kryteriów
Rozkład punktacji
Procent ludzi z każdym wynikiem
Percentyl według liczby udzielonych odpowiedzi
Twoja historia wyników
Nie rozwiązałeś tego quizu